000
00475nam a2200133Ia 4500
008
100328s9999 xx 000 0 und d
082
_b
56245
100
_a
पचिंद्रे श्रीराम ग.
245
_a
मुलाखत आणि शब्दांकन
260
_b
मानसन्मान
630
_a
मुलाखत आणि शब्दांकन
730
_a
मुलाखत आणि शब्दांकन
942
_c
BOOK
999
_c
542826
_d
542823